Carbon sequestration : An underexploited environmental benefit of agroforestry systems (Record no. 55159)

MARC details
000 -LEADER
fixed length control field 00560nam a2200193Ia 4500
100 ## - MAIN ENTRY--AUTHOR NAME
Personal name Montagnini F
245 #0 - TITLE STATEMENT
Title Carbon sequestration : An underexploited environmental benefit of agroforestry systems
260 ## - PUBLICATION, DISTRIBUTION, ETC. (IMPRINT)
Name of publisher Agroforestry Systems
Year of publication 2004
300 ## - PHYSICAL DESCRIPTION
Number of Pages 281-295
650 ## - SUBJECT ADDED ENTRY--TOPICAL TERM
Topical Term Carbon market
650 ## - SUBJECT ADDED ENTRY--TOPICAL TERM
Topical Term Kyoto protocol
650 ## - SUBJECT ADDED ENTRY--TOPICAL TERM
Topical Term PES(payment for environmental services)
650 ## - SUBJECT ADDED ENTRY--TOPICAL TERM
Topical Term Policy framework
650 ## - SUBJECT ADDED ENTRY--TOPICAL TERM
Topical Term Silvopasture
650 ## - SUBJECT ADDED ENTRY--TOPICAL TERM
Topical Term Soil carbon
700 ## - ADDED ENTRY--PERSONAL NAME
Personal name Nair P K R
942 ## - ADDED ENTRY ELEMENTS (KOHA)
Koha item type Journals
Holdings
Withdrawn status Lost status Damaged status Not for loan Home library Current library Shelving location Date acquired Serial Enumeration / chronology Koha item type
      Journals RRII Library RRII Library Agronomy 17/12/2021 Volume 61&62, Issue Journals